Cambiare lavoro, vivere meglio. (Record n. 360248)

Dettagli MARC
000 -LEADER
campo di controllo lung. fissa 00564nam a22002057a 4500
003 - Identificatore del numero di controllo
campo di controllo IT-MiCISF
005 - Data e orario dell'ultima transazione
campo di controllo 20241029143043.0
008 - Elementi di lunghezza fissa--Informazione generale
campo di controllo lung. fissa 241029b |||||||| |||| 00| 0 eng d
040 ## - Fonte della catalogazione
Agenzia che fa la trascrizione IT-MiCISF
041 ## - Codice di lingua
Codice di lingua del testo/traccia sonora o titolo separato it
100 ## - Accesso principale -- nome di persona
Nome di persona Urbano Claudio, Mesagna Enzo, Lodigiani Rosangela
9 (RLIN) 61088
245 ## - Formulazione del titolo
Titolo Cambiare lavoro, vivere meglio.
Complemento del titolo E ridurre le disuguaglianze
250 ## - Formulazione di edizione
Formulazione di edizione "Il segno", n. 2, febbraio
260 ## - Pubblicazione, distribuzione, ecc. (stampa)
Data di pubblicazione, distribuzione, ecc. 2024
300 ## - Descrizione fisica
Estensione pp. 16-18
500 ## - Nota generale
Nota generale lavoro, cambiamento, società
650 ## - Accesso aggiunto di soggetto--termine topico
Termine topico o nome geografico come accesso Lavoro
654 ## - Accesso aggiunto di soggetto--termini topici faccettati
Termine principale articolo
942 ## - Dati aggiuntivi (Koha)
Fonte della classificazione o dello schema di collocazione (segnatura) Dewey Decimal Classification
Tipo copia default (Koha) RIVISTA
Dati di copia
Ritirato (status) Perso (status) Fonte della classificazione o dello schema di collocazione (segnatura) Danneggiato (status) Non per il presito Biblioteca proprietaria Biblioteca in cui si trova Data d'acquisizione Totale prestiti Collocazione Data ultima operazione Prezzo in vigore dal Tipo copia default (Koha)
    Dewey Decimal Classification Buone Condizioni Not For Loan CISF - Milano CISF - Milano 29/10/2024   DG123 29/10/2024 29/10/2024 RIVISTA
CREDITS: SOCIETA' SAN PAOLO Via A.Severo, 58 - ROMA (RM) & PERIODICI SAN PAOLO SRL Via Giotto, 36 MILANO & CISF Via Giotto, 36 MILANO & EDIZIONI SAN PAOLO SRL,  Piazza Soncino, 5 CINISELLO BALSAMO (MI) -- ITALY